000 00437nam a22001577a 4500
003 GBCCL
005 20250903151142.0
008 250903b |||||||| |||| 00| 0 eng d
040 _cGBC
082 _aSOU TOU
_b2024
245 _aToupa hon pi dan :
_bEBC Lamka South Division souvenir 2024
260 _aNew Lamka :
_bDivision executive committe, LSD ,
_c2024
300 _a200P.
650 _aSouvenir
_vEBC Lsd
942 _2ddc
_cARCH
_n0
999 _c10933
_d10933